Province e città autonoma dell'Argentina con mappa - Statistics

Statistiche generali
  • Questo quiz è stato fatto 63 volte
  • Il punteggio medio è 11 su 24
Risposte nella Mappa
Le risposte nella mappa del quiz sottostante sono codificate secondo una scala di colori dal rosso al verde in base alla % di persone che hanno risposto correttamente.
 
Statistiche sulle risposte
Risposta % Corretto
Buenos Aires
96%
Córdoba
62%
Mendoza
62%
Río Negro
62%
Salta
58%
Misiones
54%
Santa Fe
54%
Tucumán
54%
Entre Ríos
50%
Jujuy
50%
San Juan
50%
Catamarca
46%
La Pampa
46%
Santa Cruz
46%
Neuquén
42%
Formosa
38%
La Rioja
38%
Chaco
35%
Chubut
35%
Corrientes
35%
San Luis
35%
Santiago del Estero
35%
Città Autonoma di Buenos Aires
19%
Terra del Fuoco, Antartide e Isole dell'Atlantico del Sud
4%
Nessun quiz corrispondente trovato
Distribuzione punteggi
Percentuale di utenti per punteggio
Percentile per numero di risposta
I tuoi punteggi nel tempo
Non hai fatto questo quiz